000 01067cam a2200253 a 4500
005 20160418152219.0
008 910306s1990 ck ab r 00110 spa d
020 _a9589129153
040 _ala
_cla
_dCO-BoIAVH
041 0 _aspa
044 _ack
082 0 4 _a918.6144
_bM71v
100 1 _aMolano Barrero, Joaquín.
245 1 0 _aVilla de Leiva :
_bensayo de interpretación social de una catástrofe ecológica /
_cJoaquín Molano Barrero.
260 _aBogotá :
_bFondo FEN Colombia,
_c1990.
300 _a279 páginas :
_bilustraciones y mapas ;
_c23 x 17 centímetros
504 _aIncluye bibliografía e índices.
650 6 _aEvaluación del paisaje
_z Villa de Leiva (Boyacá, Colombia)
650 _aUso de la tierra
_x Historia
_z Villa de Leiva (Boyacá, Colombia)
651 _aVilla de Leyva (Boyacá, Colombia)
_x Geografía histórica.
651 _aVilla de Leyva (Boyacá, Colombia)
_x Descripción.
651 _aVilla de Leyva (Boyacá, Colombia)
_x Condiciones sociales.
942 _2ddc
_cLIBRO
999 _c1558
_d1558